[Event "Taastrup Quick Weekend 23th Mester 2"]
[Site "Taastrup"]
[Date "2016.05.20"]
[Round "2"]
[White "Andersen, Rune"]
[Black "Hansen, Morten Moller"]
[Result "1/2-1/2"]
[WhiteElo "2092"]
[BlackElo "2085"]
[PlyCount "55"]
[EventDate "2016.05.20"]
[EventType "tourn"]
[EventRounds "5"]
[EventCountry "DEN"]
[SourceTitle "EXT 2024"]
[Source "ChessBase"]
[SourceDate "2023.10.10"]
[SourceVersion "1"]
[SourceVersionDate "2023.10.10"]
[SourceQuality "1"]

1. d4 d5 2. c4 e6 3. Nc3 c6 4. e4 dxc4 5. Bxc4 b5 6. Bb3 b4 7. Nce2 Nf6 8. Ng3 Ba6 9. e5 Nd5 10. N1e2 Nd7 11. 0-0 Qb6 12. Re1 Be7 13. Nf4 Rd8 14. Nxd5 cxd5 15. Qg4 g6 16. Bh6 Nb8 17. Rac1 Nc6 18. Red1 Bb5 19. h4 Rd7 20. Ne2 Kd8 21. Nf4 Re8 22. Bg5 h5 23. Bxe7+ Rexe7 24. Qg5 Nxd4 25. Qf6 Nxb3 26. Qh8+ Re8 27. Qf6+ Ree7 28. Qh8+ 1/2-1/2

[Event "Politiken Cup 35th"]
[Site "Helsingor"]
[Date "2013.08.02"]
[Round "8"]
[White "Hansen, Morten Moller"]
[Black "Bjorn, Lasse E"]
[Result "1/2-1/2"]
[WhiteElo "2126"]
[BlackElo "1810"]
[PlyCount "90"]
[EventDate "2013.07.27"]
[EventType "swiss"]
[EventRounds "10"]
[EventCountry "DEN"]
[SourceTitle "CBM 155 Extra"]
[Source "ChessBase"]
[SourceDate "2013.08.26"]
[SourceVersion "1"]
[SourceVersionDate "2013.08.26"]
[SourceQuality "1"]

1. d4 Nf6 2. c4 c5 3. d5 b5 4. Qc2 d6 5. e4 g6 6. cxb5 Bg7 7. Nc3 0-0 8. Nf3 Nbd7 9. Be2 a6 10. 0-0 axb5 11. Bxb5 Ba6 12. Bxa6 Rxa6 13. Rb1 Qa8 14. Nd2 e6 15. dxe6 fxe6 16. a3 Rc8 17. b3 Ne5 18. Nc4 Nc6 19. Re1 Nd4 20. Qd3 Nd7 21. a4 d5 22. exd5 exd5 23. Re7 Re8 24. Rxe8+ Qxe8 25. Ne3 Rd6 26. Ba3 Ne5 27. Qd1 Qc6 28. Rc1 Ndf3+ 29. gxf3 d4 30. Ne4 dxe3 31. Qe2 exf2+ 32. Qxf2 Nd3 33. Qf1 Bd4+ 34. Kh1 Nxc1 35. Nxd6 Nxb3 36. Qc4+ Kg7 37. Qf7+ Kh6 38. Qf4+ Kg7 39. Qf7+ Kh6 40. Qxb3 Qxd6 41. Bc1+ g5 42. Kg2 Qe5 43. Qd3 Qe1 44. Qf1 Qc3 45. h4 Be3 1/2-1/2

[Event "Politiken Cup 35th"]
[Site "Helsingor"]
[Date "2013.07.28"]
[Round "2"]
[White "Hansen, Morten Moller"]
[Black "Glud, Jakob Vang"]
[Result "0-1"]
[WhiteElo "2126"]
[BlackElo "2520"]
[PlyCount "98"]
[EventDate "2013.07.27"]
[EventType "swiss"]
[EventRounds "10"]
[EventCountry "DEN"]
[SourceTitle "CBM 155 Extra"]
[Source "ChessBase"]
[SourceDate "2013.08.26"]
[SourceVersion "1"]
[SourceVersionDate "2013.08.26"]
[SourceQuality "1"]

1. d4 d5 2. c4 e6 3. Nf3 Nf6 4. g3 Bb4+ 5. Bd2 Be7 6. Bg2 0-0 7. Qc2 c6 8. 0-0 Nbd7 9. Rd1 a5 10. Bf4 Nh5 11. Nc3 Nxf4 12. gxf4 Bd6 13. e3 Qe7 14. Bf1 Rd8 15. Bd3 Nf8 16. c5 Bc7 17. Na4 Bd7 18. Kh1 Be8 19. Rg1 f6 20. Nh4 Bh5 21. Be2 Qe8 22. Rg2 Rd7 23. Rag1 Kh8 24. Qd1 Bxe2 25. Qxe2 Rad8 26. Qg4 Qf7 27. Nf3 Re8 28. Qh3 Qg8 29. Nh4 Qf7 30. Qg4 e5 31. fxe5 fxe5 32. Nf5 g6 33. Ng3 exd4 34. Qxd4+ Be5 35. Qd2 d4 36. exd4 Rxd4 37. Qc2 Qxa2 38. Nc3 Qc4 39. Nge4 Red8 40. f3 Ne6 41. Nd6 Bxd6 42. cxd6 Nf4 43. Rg4 R8xd6 44. Qb1 Nh3 45. Rxd4 Qxd4 46. Re1 Rd8 47. Qc2 Rf8 48. Qe2 Nf2+ 49. Kg2 Nd3 0-1

[Event "Politiken Cup 34th"]
[Site "Helsingor"]
[Date "2012.07.29"]
[Round "2"]
[White "Hansen, Morten Moller"]
[Black "Timman, Jan H"]
[Result "0-1"]
[WhiteElo "2095"]
[BlackElo "2575"]
[PlyCount "102"]
[EventDate "2012.07.28"]
[EventType "swiss"]
[EventRounds "10"]
[EventCountry "DEN"]
[SourceTitle "CBM 149 Extra"]
[Source "ChessBase"]
[SourceDate "2012.08.24"]
[SourceVersion "1"]
[SourceVersionDate "2012.08.24"]
[SourceQuality "1"]

1. d4 Nf6 2. c4 e6 3. Nf3 b6 4. g3 Ba6 5. Qa4 c6 6. Nc3 Be7 7. Bg2 0-0 8. Ne5 Qe8 9. 0-0 d5 10. cxd5 cxd5 11. Qxe8 Rxe8 12. Re1 Nfd7 13. Nxf7 Kxf7 14. Nxd5 exd5 15. Bxd5+ Kf8 16. Bxa8 Bb4 17. Bf4 Bxe1 18. Bd6+ Kf7 19. Bd5+ Kg6 20. Rxe1 Rxe2 21. Rxe2 Bxe2 22. Be4+ Kf7 23. f3 Bb5 24. Kf2 h6 25. h4 Nc6 26. Ke3 Ke6 27. Ba3 Ne7 28. g4 Nf6 29. Bc2 Bc4 30. b3 Bb5 31. Be4 a5 32. Bb2 h5 33. gxh5 Ned5+ 34. Kd2 Nxh5 35. a4 Be8 36. Ba3 g6 37. Bf8 Ng3 38. Kd3 Nf5 39. Kc4 Bc6 40. Ba3 Nxh4 41. Bc1 Nf5 42. Bg5 Nd6+ 43. Kd3 Nb4+ 44. Ke3 Nf5+ 45. Kf4 Nd5+ 46. Bxd5+ Bxd5 47. Bd8 Nxd4 48. Bxb6 Nxb3 49. Kg5 Kf7 50. f4 Be4 51. Bc7 Ke6 0-1

[Event "Politiken Cup 32nd"]
[Site "Copenhagen"]
[Date "2010.08.07"]
[Round "9"]
[White "Frisvold, Ole Emil"]
[Black "Hansen, Morten Moller"]
[Result "1/2-1/2"]
[WhiteElo "1871"]
[BlackElo "2154"]
[PlyCount "91"]
[EventDate "2010.07.31"]
[EventType "swiss"]
[EventRounds "10"]
[EventCountry "DEN"]
[SourceTitle "CBM 137 Extra"]
[Source "ChessBase"]
[SourceDate "2010.09.01"]
[SourceVersion "1"]
[SourceVersionDate "2010.09.01"]
[SourceQuality "1"]

1. d4 d5 2. c4 e6 3. Nf3 c6 4. e3 f5 5. Bd3 Nf6 6. 0-0 Bd6 7. b3 0-0 8. Ba3 Ne4 9. Bxd6 Qxd6 10. Ne5 Nd7 11. Nxd7 Bxd7 12. Nd2 e5 13. dxe5 Qxe5 14. cxd5 cxd5 15. Nf3 Qd6 16. Rc1 Rf6 17. Qc2 b5 18. Qc7 b4 19. Bxe4 fxe4 20. Qxd6 Rxd6 21. Nd4 a5 22. Rc5 a4 23. Nb5 Ra5 24. bxa4 Bxb5 25. Rxb5 Rxb5 26. axb5 Rb6 27. Rb1 Rxb5 28. g3 Kf7 29. a4 Rb8 30. a5 Ke6 31. a6 Kd6 32. a7 Ra8 33. Rxb4 Rxa7 34. Kg2 Kc5 35. Rd4 g5 36. h3 h5 37. Rd2 g4 38. Rc2+ Kd6 39. h4 Ra4 40. Rc8 d4 41. exd4 Rxd4 42. Rd8+ Kc5 43. Rc8+ Kd6 44. Rd8+ Kc5 45. Rc8+ Kd6 46. Rd8+ 1/2-1/2

[Event "Politiken Cup 32nd"]
[Site "Copenhagen"]
[Date "2010.08.06"]
[Round "8"]
[White "Hansen, Morten Moller"]
[Black "Olofsson Dolk, Mattis"]
[Result "0-1"]
[WhiteElo "2154"]
[BlackElo "1949"]
[PlyCount "92"]
[EventDate "2010.07.31"]
[EventType "swiss"]
[EventRounds "10"]
[EventCountry "DEN"]
[SourceTitle "CBM 137 Extra"]
[Source "ChessBase"]
[SourceDate "2010.09.01"]
[SourceVersion "1"]
[SourceVersionDate "2010.09.01"]
[SourceQuality "1"]

1. d4 Nf6 2. c4 g6 3. Nc3 d5 4. cxd5 Nxd5 5. Na4 Bg7 6. e4 Nb6 7. Be3 0-0 8. Nf3 f5 9. Nxb6 axb6 10. Bc4+ Kh8 11. Qd2 Nc6 12. e5 Na5 13. Qc3 Nxc4 14. Qxc4 Ra5 15. b4 Rd5 16. Bf4 Be6 17. Qc3 c5 18. dxc5 bxc5 19. 0-0 Qd7 20. a4 Rc8 21. b5 Rd3 22. Qc1 c4 23. Bh6 Bd5 24. Bxg7+ Kxg7 25. Ne1 Rd4 26. Qc3 Be6 27. a5 Rd1 28. a6 Rxa1 29. Qxa1 Qxb5 30. axb7 Qxb7 31. Nf3 c3 32. Nd4 Qd5 33. Nxe6+ Qxe6 34. f4 Qb6+ 35. Rf2 c2 36. Qc1 Qd4 37. g3 h5 38. Kg2 Qe4+ 39. Kg1 Rc3 40. e6 Re3 41. Qb2+ Kh7 42. Rxc2 Re1+ 43. Kf2 Qh1 44. Re2 Rxe2+ 45. Qxe2 Qxh2+ 46. Kf1 Qxe2+ 0-1

[Event "Politiken Cup 32nd"]
[Site "Copenhagen"]
[Date "2010.08.05"]
[Round "7"]
[White "Nielsen, Rogvi Egilstoft"]
[Black "Hansen, Morten Moller"]
[Result "1-0"]
[WhiteElo "2062"]
[BlackElo "2154"]
[PlyCount "95"]
[EventDate "2010.07.31"]
[EventType "swiss"]
[EventRounds "10"]
[EventCountry "DEN"]
[SourceTitle "CBM 137 Extra"]
[Source "ChessBase"]
[SourceDate "2010.09.01"]
[SourceVersion "1"]
[SourceVersionDate "2010.09.01"]
[SourceQuality "1"]

1. e4 c5 2. c3 Qa5 3. Nf3 d6 4. Bc4 e6 5. 0-0 b5 6. Bb3 c4 7. Bc2 Nd7 8. d4 cxd3 9. Qxd3 Bb7 10. a4 Nc5 11. Qxb5+ Qxb5 12. axb5 Nxe4 13. Be3 a6 14. bxa6 Rxa6 15. Rxa6 Bxa6 16. Bxe4 Bxf1 17. Kxf1 d5 18. Bc2 Bd6 19. b4 Nf6 20. Na3 Ng4 21. Ba7 Ke7 22. h3 Ne5 23. Nxe5 Bxe5 24. Nb5 Ra8 25. Ke2 Kd7 26. Kd3 Kc6 27. c4 Rc8 28. Bc5 Ra8 29. Nd4+ Bxd4 30. Kxd4 Ra2 31. cxd5+ exd5 32. Bb3 Rd2+ 33. Kc3 Re2 34. Ba4+ Kc7 35. Bc2 g6 36. Kd3 Re4 37. Kd2 Rf4 38. Ke3 Rc4 39. Kd2 Rf4 40. Bd3 h5 41. Kc3 Rf6 42. b5 g5 43. Be2 h4 44. Bf3 Rf5 45. Kd4 g4 46. hxg4 Rf6 47. b6+ Kc8 48. Bxd5 1-0

[Event "Politiken Cup 32nd"]
[Site "Copenhagen"]
[Date "2010.08.02"]
[Round "4"]
[White "Hansen, Morten Moller"]
[Black "Jensen, Niels Christian Mol"]
[Result "1/2-1/2"]
[WhiteElo "2154"]
[BlackElo "1993"]
[PlyCount "77"]
[EventDate "2010.07.31"]
[EventType "swiss"]
[EventRounds "10"]
[EventCountry "DEN"]
[SourceTitle "CBM 137 Extra"]
[Source "ChessBase"]
[SourceDate "2010.09.01"]
[SourceVersion "1"]
[SourceVersionDate "2010.09.01"]
[SourceQuality "1"]

1. d4 Nf6 2. c4 g6 3. Nc3 Bg7 4. e4 d6 5. f3 0-0 6. Be3 Nc6 7. Qd2 a6 8. Nge2 Rb8 9. a4 e5 10. d5 Na5 11. Nc1 c5 12. Bd3 Nh5 13. N3e2 f5 14. b4 fxe4 15. fxe4 Nf4 16. bxa5 Nxg2+ 17. Kd1 Nxe3+ 18. Qxe3 Rf4 19. Rb1 Rh4 20. Qf2 Bd7 21. Bc2 Qe7 22. Qg2 Bh3 23. Qg3 Bh6 24. Rb6 Bf4 25. Nxf4 exf4 26. Qf2 g5 27. Rg1 Kf7 28. Bd3 h5 29. Qb2 f3 30. e5 Qxe5 31. Rxb7+ Rxb7 32. Qxb7+ Qe7 33. Qxe7+ Kxe7 34. Rxg5 f2 35. Rg7+ Kf8 36. Rg6 Ke7 37. Rg7+ Kf8 38. Rg6 Ke7 39. Rg7+ 1/2-1/2

[Event "Politiken Cup 31st"]
[Site "Helsingor"]
[Date "2009.07.25"]
[Round "9"]
[White "Hansen, Morten Moller"]
[Black "Aabling Thomsen, Jakob"]
[Result "0-1"]
[WhiteElo "2144"]
[BlackElo "2344"]
[PlyCount "68"]
[EventDate "2009.07.18"]
[EventType "swiss"]
[EventRounds "10"]
[EventCountry "DEN"]
[SourceTitle "CBM 131 Extra"]
[Source "ChessBase"]
[SourceDate "2009.09.03"]
[SourceVersion "2"]
[SourceVersionDate "2009.09.16"]
[SourceQuality "1"]

1. d4 Nf6 2. c4 g6 3. Nc3 d5 4. cxd5 Nxd5 5. Na4 e5 6. a3 e4 7. e3 Bg7 8. Qc2 0-0 9. Bd2 Nc6 10. Ne2 Re8 11. 0-0-0 a5 12. Nec3 Bf5 13. Nxd5 Qxd5 14. Bc4 Qd6 15. Bc3 Reb8 16. Bb5 Na7 17. Be2 b5 18. Nc5 b4 19. axb4 axb4 20. Be1 Nc6 21. Nb3 Na5 22. Nc5 b3 23. Qb1 Nc6 24. Bc3 Nb4 25. Nxe4 Qc6 26. Bf3 Qc4 27. g4 Na2+ 28. Kd2 Nxc3 29. bxc3 Ra2+ 30. Ke1 Bxe4 31. Qxe4 Qxc3+ 32. Kf1 Qb2 33. Kg2 Qxf2+ 34. Kh3 g5 0-1